[Event "Maribor Pirc"]
[Site "Maribor"]
[Date "1994.??.??"]
[Round "2"]
[White "Tratar, Marko"]
[Black "Jelen, Iztok"]
[Result "1/2-1/2"]
[WhiteElo "2380"]
[BlackElo "2385"]

1.Nf3 d5 2.g3 b6 3.Bg2 Bb7 4.d4 e6 5.O-O Nd7 6.e4 dxe4 7.Ng5 Ngf6 8.Nc3 Be7
9.Ncxe4 Qc8 10.c4 O-O 11.Qc2 c5 12.dxc5 h6 13.Nxf6+ Nxf6 14.Ne4 Nxe4 15.Bxe4 bxc5
16.b3 Bf6 17.Bxb7 Qxb7 18.Bb2 Bd4 19.Bxd4 cxd4 20.Rfe1 Rad8 21.Rad1 Rfe8
22.f4 f6 23.Qd3 e5 24.fxe5 fxe5 25.Re4 Re6 26.Rde1 Qe7 27.R4e2 Rf8 28.Rf1 Ref6
29.Ref2 Qf7 30.Rxf6 gxf6 31.Qe4 Kg7 32.c5 Qe6 33.g4 Rc8 34.b4 Rd8 35.Rf3 Qxa2
36.c6 Qc4 37.h4 Qc1+ 38.Rf1 Qc3 39.Rf3 Qc1+ 40.Rf1 Qc3 41.h5 Qg3+  1/2-1/2

[Event "Wch U20"]
[Site "Matinhos"]
[Date "1994.??.??"]
[Round "?"]
[White "Nalbandian, Tigran"]
[Black "Kumaran, Dharshan"]
[Result "1-0"]
[WhiteElo "2485"]
[BlackElo "2465"]

1.Nf3 d5 2.g3 c6 3.Bg2 Nf6 4.c4 dxc4 5.a4 g6 6.Na3 Bg7 7.O-O O-O 8.Nxc4 Be6
9.b3 Na6 10.Bb2 Nb4 11.a5 c5 12.d3 Bd5 13.Ne3 Bc6 14.Qc1 b6 15.Be5 Nbd5 16.Nc4 Rc8
17.Qb2 b5 18.Ncd2 Ba8 19.Rfc1 Bh6 20.Qb1 Nd7 21.Bb2 Bg7 22.Bxg7 Kxg7 23.Qb2+ Kg8
24.Ne4 Nb4 25.Nfd2 e5 26.a6 Qb6 27.Qa3 Nd5 28.Qa5 Qb8 29.Nb1 Ne7 30.Na3 b4
31.Qb5 Bxe4 32.Bxe4 Nf6 33.Qxb8 Rxb8 34.Nc4 Nxe4 35.dxe4 Nc6 36.e3 Rfd8 37.Rd1 Kf8
38.Rd5 Rb5 39.Rad1 Ke7 40.Nxe5 Rc8 41.Rd7+  1-0

[Event "Wch U20"]
[Site "Matinhos"]
[Date "1994.??.??"]
[Round "?"]
[White "Sergejev, Roman"]
[Black "Russo, Guilherme Matheus"]
[Result "1-0"]
[WhiteElo "2310"]
[BlackElo "2020"]

1.Nf3 d5 2.g3 c5 3.Bg2 Nc6 4.d4 Nf6 5.O-O Bf5 6.c4 dxc4 7.Qa4 cxd4 8.Nxd4 Qxd4
9.Bxc6+ Bd7 10.Rd1 Qxd1+ 11.Qxd1 Bxc6 12.Qc2 Rd8 13.Nd2 b5 14.b3 g6 15.bxc4 Bg7
16.cxb5 Bxb5 17.Rb1 a6 18.a4 Bxe2 19.Qc6+ Nd7 20.Qe4 Bh5 21.g4 f5 22.Qe6 Bxg4
23.Ba3 Bf6 24.Re1 Rb8 25.Bxe7 Rb6 26.Qc4 Bxe7 27.Qc8+ Kf7 28.Qxd7 Re8 29.Nc4 Rf6
30.Ne5+ Kf8 31.Qd5 Kg7 32.Nc6 Rf7 33.Qd7 Kf8 34.Nd4 Rf6 35.Ne6+ Rxe6 36.Qxe6 g5
37.h3 Bxh3 38.Qh6+  1-0

[Event "Melbourne"]
[Site "Melbourne"]
[Date "1994.??.??"]
[Round "8"]
[White "Hacche, David"]
[Black "Lukey, Stephen G"]
[Result "1/2-1/2"]
[WhiteElo "2255"]
[BlackElo "2285"]

1.Nf3 d5 2.g3 Nf6 3.Bg2 c5 4.O-O Nc6 5.c4 e6 6.a3 Be7 7.cxd5 exd5 8.d4 O-O
9.dxc5 Bxc5 10.b4 Bd6 11.Bb2 Bg4 12.Nc3  1/2-1/2

[Event "BLR-ch"]
[Site "Minsk"]
[Date "1994.??.??"]
[Round "3"]
[White "Poley, Vladimir"]
[Black "Mochalov, Evgeny V"]
[Result "0-1"]
[WhiteElo "2395"]
[BlackElo "2450"]

1.Nf3 d5 2.g3 g6 3.c4 c6 4.Bg2 Bg7 5.O-O e5 6.d3 Ne7 7.Nbd2 h6 8.Rb1 a5 9.a3 a4
10.b4 Be6 11.Qc2 Nd7 12.e4 O-O 13.Re1 g5 14.exd5 cxd5 15.cxd5 Bxd5 16.Bb2 Ng6
17.Nc4 b5 18.Ncxe5 Ndxe5 19.Nxe5 Bxe5 20.Rxe5 Nxe5 21.Qc5 Nf3+ 22.Bxf3 Bxf3
23.Qe5 f6 24.Qf5 Bh5  0-1

[Event "BLR-ch"]
[Site "Minsk"]
[Date "1994.??.??"]
[Round "7"]
[White "Poley, Vladimir"]
[Black "Begun, Sergei M"]
[Result "0-1"]
[WhiteElo "2395"]
[BlackElo "2380"]

1.Nf3 d5 2.g3 Nf6 3.Bg2 g6 4.b4 Bg7 5.Bb2 O-O 6.d3 c6 7.O-O a5 8.a3 axb4
9.axb4 Rxa1 10.Bxa1 Qb6 11.c3 Bg4 12.Nbd2 Nbd7 13.Qa4 Qc7 14.c4 dxc4 15.dxc4 c5
16.h3 Bxf3 17.Bxf3 cxb4 18.Qxb4 Nc5 19.Bd4 Nfd7 20.e3 b6 21.Rb1 Rc8 22.h4 h5
23.Qb5 Qd6 24.Rd1 Bxd4 25.exd4 Qxd4 26.Ne4 Nd3 27.Qd5 N7e5 28.Ng5 Qxf2+ 29.Kh1 e6
30.Qb7 Rf8 31.Qe4 Qxg3 32.Rxd3 Nxd3 33.Qxd3 Qxh4+  0-1

[Event "Minsk op"]
[Site "Minsk"]
[Date "1994.??.??"]
[Round "8"]
[White "Dyachkov, Sergej"]
[Black "Guliev, Sarhan"]
[Result "0-1"]
[WhiteElo "2410"]
[BlackElo "2470"]

1.Nf3 d5 2.g3 c6 3.Bg2 Nf6 4.O-O Bf5 5.d3 e6 6.c4 Bc5 7.Nc3 h6 8.Qb3 Qe7
9.Bf4 Bb6 10.Na4 Nbd7 11.Nxb6 axb6 12.cxd5 exd5 13.e4 dxe4 14.Nd4 Bh7 15.dxe4 O-O
16.f3 Rfe8 17.Rfd1 b5 18.Rac1 Nb6 19.Be3 Nc4 20.Bf2 Nd7 21.a3 Nde5 22.Qc3 Qf6
23.Nb3 Nxb2 24.Rf1 Nbd3 25.f4 Nxc1 26.Rxc1 Nd7 27.Bd4 Qe7 28.Bxg7 Rxa3 29.Bxh6 Qf6
30.Qxf6 Nxf6 31.Nc5 Nxe4 32.Bxe4 Bxe4 33.Nxb7 Bd5  0-1

[Event "Minsk"]
[Site "Minsk"]
[Date "1994.??.??"]
[Round "8"]
[White "Lyrberg, Patrik"]
[Black "Luther, Thomas"]
[Result "1/2-1/2"]
[WhiteElo "2415"]
[BlackElo "2515"]

1.Nf3 d5 2.g3 c6 3.Bg2 Bg4 4.O-O Nd7 5.d3 Ngf6 6.Nbd2 e5 7.e4 Bd6 8.h3 Bh5
9.Qe1 O-O 10.Nh4 Re8 11.Bf3 Bxf3 12.Nhxf3 Nc5 13.Qe2 a5 14.b3 Ne6 15.a3 Nd4
16.Nxd4 exd4 17.Bb2 c5 18.Qf3 dxe4 19.dxe4 a4 20.b4 cxb4 21.Bxd4 Be5 22.Bxe5 Rxe5
23.Rfd1 Qc8 24.axb4 Qxc2 25.Rac1 Qa2 26.Nc4 Rxe4 27.Nd6 Qe2 28.Qc3 Re6 29.Re1 Qxe1+
30.Rxe1 Rxd6 31.b5 h5 32.Ra1 Re6 33.Ra3 b6 34.Qc4 Ra5 35.Rxa4 Re4 36.Qc8+ Re8
37.Qc4 Re4 38.Qc8+ Re8 39.Qc2 Rxb5 40.Ra7 Rd5 41.Qc7  1/2-1/2

[Event "BLR-ch"]
[Site "Minsk"]
[Date "1994.??.??"]
[Round "9"]
[White "Mochalov, Evgeny V"]
[Black "Zajogin, Alexander"]
[Result "1-0"]
[WhiteElo "2450"]
[BlackElo "2380"]

1.g3 d5 2.Nf3 e6 3.Bg2 g6 4.O-O Bg7 5.d3 Ne7 6.Nbd2 O-O 7.e4 Nbc6 8.Re1 h6
9.c3 d4 10.Nxd4 Nxd4 11.cxd4 Qxd4 12.Nb3 Qd8 13.d4 b6 14.Bf4 g5 15.Be3 Bb7
16.Rc1 a5 17.Rc2 a4 18.Nc1 f5 19.f3 Rf7 20.Rd2 Ra5 21.Bf2 Qa8 22.Qc2 Ng6
23.Qc4 Nf8 24.h3 Kh7 25.g4 Ng6 26.gxf5 Nf4 27.fxe6 Ba6 28.Qc2 Nxe6 29.Be3 Kh8
30.Ne2 Bxe2 31.Rexe2 Qd8 32.Qc4 Qf6 33.Rf2 Nf4 34.d5 Qd6 35.Rc2 Ng6 36.Qc6 Be5
37.Qb7 Kg7 38.a3 c5 39.Qc8 Rb5 40.Rfd2 Rb3 41.Bf2 Bf4 42.Rd1 Ne5 43.Qa6 Qd7
44.Qe2 Nxf3+ 45.Kh1 Ne5 46.Rc3 Rxc3 47.bxc3 Rf6 48.c4 h5 49.Be1 Kg6 50.Bc3 Rf7
51.Rf1 Qe7 52.Rf2 g4 53.Qf1 Qg5 54.Qb1 Qh4 55.Rxf4 Rxf4 56.Bxe5 gxh3 57.Qxb6+ Kf7
58.Qe6+ Kf8 59.Qh6+ Ke8 60.Qxf4  1-0

[Event "Minsk op"]
[Site "Minsk"]
[Date "1994.??.??"]
[Round "9"]
[White "Starosek, Konstantin"]
[Black "Hasanov, Marat"]
[Result "1-0"]
[WhiteElo "2465"]
[BlackElo "2315"]

1.Nf3 d5 2.g3 c6 3.Bg2 Bf5 4.O-O Nd7 5.d3 Ngf6 6.Nbd2 e5 7.Qe1 Bd6 8.e4 dxe4
9.dxe4 Be6 10.Qe2 O-O 11.b3 Qa5 12.a3 Qc3 13.Ra2 Rfe8 14.Bb2 Qc5 15.a4 Qa5
16.Ng5 Bg4 17.f3 h6 18.Nc4 Bc5+ 19.Kh1 Qc7 20.Nh3 Be6 21.Nf2 a5 22.Nd2 Qb6
23.f4 exf4 24.gxf4 Bf5 25.Nd3 Qa6 26.e5 Nb6 27.Ne4 Nxe4 28.Bxe4 Bxe4+ 29.Qxe4 Nd7
30.f5 Bf8 31.h4 c5 32.Rf4 Rac8 33.c4 Qc6 34.Ra1 Qxe4+ 35.Rxe4 Rc7 36.Bc3 b6
37.Nf4 Nb8 38.Nd5 Rb7 39.Rg1 Kh7 40.Rf1 Nc6 41.e6 fxe6 42.fxe6 Bd6 43.Kg2 Rf8
44.e7 Bxe7 45.Rxe7  1-0

[Event "Mislata op 3th"]
[Site "Mislata"]
[Date "1994.??.??"]
[Round "4"]
[White "Munoz Orts, German"]
[Black "Coret Frasquet, Jose"]
[Result "0-1"]
[WhiteElo "2290"]
[BlackElo "2315"]

1.Nf3 d5 2.g3 Nf6 3.Bg2 c6 4.O-O Bf5 5.d3 e6 6.a3 a5 7.Nbd2 h6 8.b3 Be7 9.Bb2 O-O
10.Qe1 Nbd7 11.e4 Bh7 12.e5 Ne8 13.Bh3 Nc7 14.Qe2 c5 15.c4 a4 16.Ne1 Nb6
17.Ra2 axb3 18.Nxb3 Na4 19.Ba1 b5 20.Nd2 b4 21.axb4 cxb4 22.Nb3 Nc3 23.Bxc3 bxc3
24.Rxa8 Qxa8 25.Bg2 Qa3 26.Nd4 Qb2 27.cxd5 Nxd5 28.Bxd5 exd5 29.Ndc2 Bf5
30.g4 Bd7 31.f4 Ba4 32.g5 hxg5 33.f5 Bc5+ 34.Kh1 Qc1 35.d4 Qd2 36.Qf3 Bxd4
37.Qxd5 Bf2 38.Qe4 Qd7 39.Qe2 Bc6+ 40.Ng2 Bc5 41.h4 Rd8 42.e6 Qd2 43.e7 Bxe7
44.Qxd2 Rxd2  0-1

[Event "Mislata op 3th"]
[Site "Mislata"]
[Date "1994.??.??"]
[Round "9"]
[White "Oltra Caurin, Ramon"]
[Black "Komljenovic, Davor"]
[Result "0-1"]
[WhiteElo "2390"]
[BlackElo "2465"]

1.Nf3 d5 2.g3 c6 3.Bg2 Bg4 4.d4 Nd7 5.h3 Bh5 6.O-O e6 7.c4 Bd6 8.Nbd2 f5
9.b4 a6 10.Qb3 Ngf6 11.a4 O-O 12.Ba3 Ne4 13.e3 Qe7 14.Rfb1 b5 15.axb5 axb5
16.c5 Bc7 17.Bb2 Rac8 18.Ra7 Bb8 19.Rb7 Rf7 20.Nf1 Bxf3 21.Bxf3 Qg5 22.Qd1 Rcf8
23.Bg2 h5 24.Qe1 Qd8 25.f3 Nef6 26.e4 fxe4 27.fxe4 Nxe4 28.Qe3 Qc8 29.Bxe4 dxe4
30.Rxb8 Qxb8 31.Qxe4 Rxf1+ 32.Rxf1 Qxg3+ 33.Qg2 Qxg2+ 34.Kxg2 Rxf1 35.Kxf1 Nf6
36.Bc1 Kf7 37.Ke2 Kg6 38.Kf3 Kf5 39.Bd2 g5 40.Be1 g4+ 41.hxg4+ hxg4+  0-1

[Event "Mondariz op"]
[Site "Mondariz"]
[Date "1994.??.??"]
[Round "?"]
[White "Damljanovic, Branko"]
[Black "Giorgadze, Giorgi"]
[Result "0-1"]
[WhiteElo "2505"]
[BlackElo "2565"]

1.Nf3 d5 2.g3 g6 3.Bg2 Bg7 4.O-O e5 5.d3 Ne7 6.e4 O-O 7.c3 a5 8.a4 dxe4 9.dxe4 Qxd1
10.Rxd1 Be6 11.Be3 Bb3 12.Rc1 Rd8 13.Nbd2 Be6 14.Bf1 f6 15.b4 b6 16.Bc4 Kf7
17.Bxe6+ Kxe6 18.Nb3 Nd7 19.b5 Bf8 20.c4 c5 21.Nbd2 f5 22.Nb1 Nf6 23.Nc3 Nxe4
24.Nxe4 fxe4 25.Nd2 Kf5 26.h3 h5 27.Kf1 Ng8 28.g4+ hxg4 29.hxg4+ Kxg4 30.Ke2 Kf5
31.Rh1 Be7 32.Rag1 Bf6 33.Nf1 Ne7 34.Ng3+ Ke6 35.Nxe4 Rh8 36.Rxh8 Bxh8 37.Ng5+ Kf5
38.f3 Bf6 39.Ne4 Rd8 40.Rh1 Ke6 41.Rh7 Rc8 42.Kf2 Rg8 43.Kg2 Bg7 44.Bg5 Nf5
45.Nc3 Rb8 46.Nd5 Kf7 47.Rh1 Nd6 48.Rc1 Bf8 49.Be3 Nf5 50.Bf2 Ne7 51.Nc3 Rd8
52.Ne4 Bh6 53.Rh1 Nf5 54.Rb1 Be3 55.Rh1 Kg7 56.Bh4 Nxh4+ 57.Rxh4 Rd4 58.Rh1 Rxc4
59.Re1 Bd4 60.Nd6 Rxa4  0-1

[Event "Mondariz op"]
[Site "Mondariz"]
[Date "1994.??.??"]
[Round "?"]
[White "Todorcevic, Miodrag"]
[Black "Paramos Dominguez, Roberto"]
[Result "1-0"]
[WhiteElo "2490"]
[BlackElo "2355"]

1.Nf3 d5 2.g3 c5 3.Bg2 Nc6 4.O-O e6 5.d3 g6 6.Nbd2 Bg7 7.e4 Nge7 8.Re1 h6
9.c3 b6 10.a4 a5 11.exd5 exd5 12.Nb3 Bg4 13.h3 Bxf3 14.Qxf3 O-O 15.Bf4 Qd7
16.h4 Rae8 17.Nd2 Rd8 18.Nf1 Kh7 19.Kh2 f5 20.Re2 Ng8 21.Rae1 Nf6 22.Kg1 Nh5
23.Re6 Rf6 24.Rxf6 Bxf6 25.Bc1 Ne5 26.Qd1 c4 27.dxc4 dxc4 28.Qxd7+ Rxd7 29.Be3 Rd6
30.Rb1 g5 31.hxg5 hxg5 32.Bd4 Ng4 33.Bxf6 Nhxf6 34.Re1 f4 35.Bf3 Kg6 36.gxf4 gxf4
37.Nh2 Kf5 38.Bxg4+ Nxg4 39.Nf3 Rd5 40.Nd4+ Kg5 41.Re6 f3 42.Nxf3+ Kf4 43.Nd4 Ne5
44.Rxb6 Nf3+ 45.Nxf3 Kxf3 46.Rf6+ Ke2 47.Re6+ Kf3 48.Re3+ Kf4 49.Kf1 Rd1+
50.Re1 Rd2 51.Re2 Rd1+ 52.Kg2 Ra1 53.Rd2 Rxa4 54.Rd4+ Ke5 55.f4+ Ke6 56.Kf3 Ra2
57.Rd2 a4 58.Ke3 Ke7 59.Rh2 a3 60.Rh7+ Ke6 61.bxa3 Rxa3 62.Kd4 Ra1 63.Rh4 Ra4
64.Kc5 Kf5 65.Kb5 Ra8 66.Rh5+ Kxf4 67.Kxc4 Ke4 68.Rc5 Ra4+ 69.Kb5 Ra8 70.Kb4 Ra1
71.Rh5 Ra8 72.c4 Rb8+ 73.Kc3 Rd8 74.c5 Rd5 75.Rh4+ Ke5 76.Kc4 Rd1 77.Kb5 Ke6
78.Kc6 Ke7 79.Rh7+ Kd8 80.Rh8+ Ke7 81.Kb6 Rb1+ 82.Kc7 Rc1 83.c6 Rd1 84.Rh4 Re1
85.Rc4 Re2 86.Kc8 Kd6 87.c7 Rh2  1-0

[Event "Mondariz op"]
[Site "Mondariz"]
[Date "1994.??.??"]
[Round "?"]
[White "Miguel, Victor"]
[Black "Cruz Lopez Claret, Carlos"]
[Result "0-1"]
[WhiteElo "2260"]
[BlackElo "2315"]

1.Nf3 d5 2.g3 c6 3.Bg2 Bg4 4.O-O e6 5.d4 Bd6 6.c4 Nf6 7.Nbd2 Nbd7 8.Re1 O-O
9.e4 Nxe4 10.Nxe4 dxe4 11.Rxe4 Bf5 12.Re3 h6 13.Rb3 Rb8 14.Be3 Be4 15.a4 c5
16.Qe2 Bc6 17.Rd3 cxd4 18.Bxd4 Qc7 19.Bxa7 Ra8 20.Be3 Rxa4 21.Rxa4 Bxa4 22.Qd2 Be7
23.Bxh6 gxh6 24.Qxh6 Bc2 25.Rd4 Ra8 26.Rg4+ Bg6 27.h4 Bf8 28.Rxg6+ fxg6 29.Qxg6+ Bg7
30.Qxe6+ Kh8 31.Ng5 Nf6 32.h5 Re8 33.Qf5 Qd7 34.Qb1 Qe7 35.Qg6 Qe1+ 36.Bf1 Re2
37.Qf5 Rxb2 38.h6 Rb1 39.hxg7+ Kxg7 40.Ne6+ Kf7 41.Ng5+ Kg7 42.Qd3 Rb2 43.Qd4 Rb1
44.Qd3 Rb2 45.Nh3 b6 46.Qd4 Rb1 47.Qd3 Rd1 48.Nf4 Rxd3 49.Nxd3 Qd2 50.c5 bxc5
51.Nxc5 Ng4 52.Nd3 Qd1 53.Kg2  0-1

[Event "Montecatini Terme op"]
[Site "Montecatini Terme"]
[Date "1994.??.??"]
[Round "?"]
[White "Belotti, Bruno"]
[Black "Lanzani, Mario"]
[Result "1-0"]
[WhiteElo "2455"]
[BlackElo "2320"]

1.Nf3 d5 2.g3 Nf6 3.Bg2 e6 4.O-O Be7 5.d3 c5 6.Nbd2 Nc6 7.e4 b6 8.Re1 Bb7
9.c3 Qc7 10.a3 O-O-O 11.Qa4 h6 12.b4 g5 13.exd5 Rxd5 14.bxc5 Rxd3 15.Nd4 Nxd4
16.cxd4 Bxg2 17.cxb6 axb6 18.Qa6+ Qb7 19.Qxd3 g4 20.Nc4 Bh3 21.Ne3 Rd8 22.Bb2 Ne4
23.d5 Ng5 24.Red1 Bc5 25.Bf6 Nf3+ 26.Kh1 Bxe3 27.Bxd8 Bd4 28.Qc4+  1-0

[Event "Montecatini Terme op"]
[Site "Montecatini Terme"]
[Date "1994.??.??"]
[Round "?"]
[White "Dizdarevic, Emir"]
[Black "Palac, Mladen"]
[Result "1/2-1/2"]
[WhiteElo "2495"]
[BlackElo "2495"]

1.Nf3 d5 2.g3 g6 3.Bg2 Bg7 4.d4 Nf6 5.O-O O-O 6.c3 Nbd7 7.Bf4 c5 8.Ne5 Qb6
9.Qb3 cxd4 10.Qxb6 Nxb6 11.cxd4  1/2-1/2

[Event "Montevideo"]
[Site "Montevideo"]
[Date "1994.??.??"]
[Round "8"]
[White "Valiente, Cristobal"]
[Black "Donatti, Alvaro"]
[Result "1-0"]
[WhiteElo "2355"]
[BlackElo "2265"]

1.Nf3 d5 2.g3 Nf6 3.Bg2 Bg4 4.d3 Nbd7 5.Nbd2 e5 6.e4 c6 7.O-O Bd6 8.h3 Bh5
9.c3 O-O 10.Qc2 Re8 11.Re1 Rc8 12.Nf1 Nc5 13.Nh4 Bc7 14.Bg5 dxe4 15.dxe4 Qd3
16.Qc1 Qd6 17.Nf5 Qe6 18.Bh6 Nfxe4 19.Nxg7 Nd3 20.Nxe6 Nxc1 21.Nxc7  1-0

[Event "Moravia-ch op"]
[Site "Moravia"]
[Date "1994.??.??"]
[Round "?"]
[White "Obsivac, Josef"]
[Black "Pisk, Petr"]
[Result "1/2-1/2"]
[WhiteElo "2310"]
[BlackElo "2260"]

1.Nf3 d5 2.g3 Nf6 3.Bg2 c6 4.d3 g6 5.O-O Bg7 6.Nbd2 O-O 7.e4 dxe4 8.dxe4 Qc7
9.c3 Nbd7 10.Qc2 b6 11.Rd1 Ba6 12.Nf1 Rad8 13.h3 Nc5 14.Bf4 Qc8 15.Nd4 Bd3
16.Rxd3 Nxd3 17.e5 Nd5 18.Qxd3 Nxf4 19.gxf4 c5 20.Ne3 cxd4 21.cxd4 e6 22.Rd1 Qd7  1/2-1/2

[Event "Moscow-ch"]
[Site "Moscow"]
[Date "1994.??.??"]
[Round "?"]
[White "Krasnov, Sergey"]
[Black "Guliev, Sarhan"]
[Result "1-0"]
[WhiteElo "2325"]
[BlackElo "2490"]

1.Nf3 d5 2.g3 Nf6 3.Bg2 Bf5 4.O-O c6 5.d3 e6 6.Nbd2 h6 7.b3 Bc5 8.Bb2 O-O
9.e3 Nbd7 10.Qe2 Bh7 11.e4 Qe7 12.e5 Ne8 13.a3 a5 14.Kh1 Nc7 15.Nd4 Bb6 16.f4 c5
17.N4f3 a4 18.Nh4 Ba5 19.bxa4 Nb6 20.Nb3 Nxa4 21.Nxa5 Rxa5 22.Bc1 Nb5 23.Qe1 Qd8
24.f5 exf5 25.Nxf5 Ra6 26.Ne3 Nc7 27.Rb1 b5 28.Bd2 d4 29.Nf5 Nd5 30.Qf2 Nac3
31.Rbe1 Rxa3 32.Nd6 Qe7 33.Nxb5 Nxb5 34.Bxd5 Nc7 35.Bc4 Ne6 36.h4 Qd7 37.Qf3 Qe7
38.Kh2 Ra4 39.Qg4 Rxc4 40.dxc4 Bxc2 41.Bxh6 Bd3 42.Rf2 Bxc4 43.h5 Kh7 44.Bc1 Bd5
45.Qf5+ Kg8 46.Kg1 Rb8 47.h6 Rb3 48.Kh2 Bc4 49.hxg7 Nxg7 50.Qc8+ Kh7 51.Rf6 Ne8
52.Qh3+ Kg8 53.Rh6  1-0

[Event "Moscow-ch"]
[Site "Moscow"]
[Date "1994.??.??"]
[Round "?"]
[White "Krasnov, Sergey"]
[Black "Utemov, Vladimir"]
[Result "0-1"]
[WhiteElo "2325"]
[BlackElo "2405"]

1.Nf3 d5 2.g3 c6 3.Bg2 Bg4 4.O-O Nd7 5.d3 e5 6.e4 dxe4 7.dxe4 Bc5 8.Nbd2 Ne7
9.Nc4 Qc7 10.Qe1 Be6 11.Qc3 b5 12.Ne3 f6 13.a4 b4 14.Qd3 a5 15.b3 Nb6 16.Bb2 Rd8
17.Qe2 O-O 18.Rfd1 Rxd1+ 19.Rxd1 Rd8 20.Bf1 Kf7 21.Bxe5 fxe5 22.Ng5+ Kf6
23.Qh5 g6 24.Qxh7 Bxe3 25.fxe3 Qc8 26.Rxd8 Qxd8 27.Qg7+ Kxg5 28.Be2 Bh3 29.Qh7 Kf6
30.Qxh3 Kg7 31.Qe6 Qc7 32.g4 Nec8 33.g5 Qe7 34.Qg4 Nd6 35.h4 Nf7 36.Kf2 Qd7
37.Qf3 Qe6 38.Qg3 c5 39.Bg4 Qe7 40.Qf3 c4 41.Qe2 Nd6 42.Bf3 Qf7 43.Kg2 cxb3
44.cxb3 Qxb3 45.Qa6 Qxe3 46.Qxa5 Qd2+ 47.Kh3 Ndc4 48.Qc5 Qd6 49.Qf2 b3 50.h5 b2
51.h6+ Kh8 52.Qc2 Qd2 53.Qb3 Qe3 54.Qb5 Qxf3+  0-1

[Event "Moscow ol (Women)"]
[Site "Moscow"]
[Date "1994.??.??"]
[Round "1"]
[White "Santos, Christine"]
[Black "Zagorskaya, Tatiana"]
[Result "0-1"]
[WhiteElo "2005"]
[BlackElo "2150"]

1.Nf3 d5 2.g3 e6 3.Bg2 Be7 4.d3 b6 5.Nbd2 Bb7 6.O-O Nd7 7.e4 Ngf6 8.e5 Ng4
9.d4 h5 10.Re1 h4 11.h3 Nh6 12.g4 c5 13.c3 b5 14.dxc5 Nxc5 15.Qe2 a6 16.Nd4 Qb6
17.N2b3 Ne4 18.Bxe4 dxe4 19.Nd2 Qc5 20.Nxe4 Qxe5 21.Nf3 Qc7 22.Bg5 Bd5 23.Bxe7 Qxe7
24.a4 Bc4 25.Qe3 O-O 26.Neg5 Rfd8 27.Nxh4 Rd3 28.Qf4 Rd5 29.Nhf3 Rad8 30.axb5 axb5
31.Qe4 Rxg5 32.Nxg5 Qxg5 33.Ra7 Bd5 34.Qe2 f5 35.f3 fxg4 36.hxg4 Nf7 37.Kf2 Qh4+
38.Kf1 Bc4  0-1

[Event "Moscow op"]
[Site "Moscow"]
[Date "1994.??.??"]
[Round "2"]
[White "Chukhrova, Natalia"]
[Black "Najer, Evgeniy"]
[Result "0-1"]
[WhiteElo "2075"]
[BlackElo "2495"]

1.Nf3 d5 2.g3 g6 3.Bg2 Bg7 4.O-O e5 5.d3 Ne7 6.e4 O-O 7.Nc3 c6 8.Re1 f6 9.b3 Re8
10.a4 g5 11.Ba3 Ng6 12.Rb1 Be6 13.Nd2 a6 14.Bb2 f5 15.exf5 Bxf5 16.Qh5 Rf8
17.Nd1 Nd7 18.Ne3 Be6 19.Qe2 Qe7 20.c4 Qf7 21.cxd5 cxd5 22.Rbc1 Rac8 23.Ba3 Rfe8
24.Nb1 b5 25.Nc2 bxa4 26.bxa4 Nb8 27.Nd2 h6 28.Nb3 Bf8 29.Bxf8 Rxf8 30.Nbd4 Nc6
31.Nxe6 Qxe6 32.Ne3 Nge7 33.Ng4 Nd4 34.Qxe5 Qxe5  0-1

[Event "Moscow ol (Men)"]
[Site "Moscow"]
[Date "1994.??.??"]
[Round "2"]
[White "McNab, Colin Anderson"]
[Black "Ionescu, Constantin"]
[Result "0-1"]
[WhiteElo "2465"]
[BlackElo "2465"]

1.Nf3 d5 2.g3 c5 3.c4 d4 4.b4 f6 5.Bg2 e5 6.O-O Nh6 7.d3 Nf7 8.e3 Nc6 9.b5 Ne7
10.exd4 cxd4 11.Re1 Ng6 12.h4 Bb4 13.Bd2 Bc5 14.a3 a5 15.h5 Ne7 16.Nh2 O-O
17.Bc1 a4 18.Nd2 Nd6 19.Ne4 Nxe4 20.Bxe4 Ra7 21.Ra2 b6 22.Bg2 Nf5 23.Ng4 Kh8
24.h6 g6 25.Bd5 Nd6 26.Bg2 Qd7 27.Nh2 Bb7 28.Bxb7 Qxb7 29.g4 g5 30.f3 Rg8
31.Nf1 Rg6 32.Rh2 Qa8 33.Ng3 Qf8 34.Qc2 Rxh6 35.Rxh6 Qxh6 36.Kg2 Kg8 37.Rh1 Qf8
38.Qa2 Rf7 39.Qc2 Qa8 40.Rh5 Kg7 41.Qe2 h6 42.Rh1 Kg6 43.Ne4 Ne8 44.Kg1 Rh7
45.Qh2 Ng7 46.Bxg5 fxg5 47.Qxe5 Kf7 48.Nxg5+ hxg5 49.Rxh7 Bf8 50.Kg2 Qd8
51.Rh8 Ne6 52.Rh7+ Bg7 53.Kf2 Kg8 54.Qxe6+ Kxh7 55.c5 bxc5 56.b6 Qf6 57.Qe4+ Qg6
58.Qe7 Qxb6 59.Qxg5 Qe6 60.Qh5+ Kg8 61.Qxc5 Qe3+ 62.Kg2 Qe2+ 63.Kg3 Qe5+  0-1

[Event "Moscow ol (Men)"]
[Site "Moscow"]
[Date "1994.??.??"]
[Round "2"]
[White "Giorgadze, Giorgi"]
[Black "Kutirov, Rolando"]
[Result "1-0"]
[WhiteElo "2565"]
[BlackElo "2330"]

1.Nf3 d5 2.g3 Bg4 3.Bg2 Nd7 4.c4 e6 5.Qa4 Bxf3 6.Bxf3 c6 7.cxd5 exd5 8.O-O Ngf6
9.d4 Bd6 10.Nc3 O-O 11.Rb1 a5 12.Qc2 Re8 13.a3 Qe7 14.Bd2 Nb6 15.Rbe1 Ne4
16.Bc1 f5 17.Bg2 Nc4 18.Nd1 Bc7 19.a4 Ncd6 20.b3 Qd7 21.Nb2 Nf7 22.Nd3 Bd6
23.f3 Nf6 24.Bd2 g6 25.Bc3 Qc7 26.Qd2 h5 27.Nf4 h4 28.e4 Bxf4 29.gxf4 Nh5
30.Qf2 Nxf4 31.Qxh4 Kg7 32.Qg3 Re7 33.Bd2 Nd3 34.Qxc7 Rxc7 35.Rd1 Rd7 36.exf5 gxf5
37.h4 Rh8 38.Bxa5 Nf4 39.Be1 Kf6 40.Bg3 Ne2+ 41.Kf2 Nxg3 42.Kxg3 Nd8 43.Rh1 Rg7+
44.Kf2 Ne6 45.b4 Rgh7 46.Kg3 f4+ 47.Kf2 Rxh4 48.Rxh4 Rxh4 49.a5 Ke7 50.Rd2 Kd6
51.Ke2 Ng7 52.Kd3 Nf5 53.Bf1 Rh1 54.Be2 Rb1 55.Kc3 Rc1+ 56.Kb2 Re1 57.Kc3 Ng3
58.Bd3 Ra1 59.Kb2 Rh1 60.Kc3 Rh3 61.Kc2 Kc7 62.Rf2 Kb8 63.Kc3 Ka7 64.b5 cxb5
65.Kb4 Rh1 66.Kc5 Rd1 67.Bg6 Ra1 68.Kxd5 Re1 69.Bd3 b4 70.Kc4 Re3 71.d5 Nh5
72.d6 Ng7 73.Be4 b3 74.Kd5 Re1 75.Rd2 Ne8 76.Ke5 Nxd6 77.Rxd6 Ra1 78.Rd5 Ka6
79.Bd3+ Ka7 80.Rb5 Ra3  1-0

[Event "Moscow ol (Women)"]
[Site "Moscow"]
[Date "1994.??.??"]
[Round "2"]
[White "Santos, Christine"]
[Black "Parveen, Seyda Shabana"]
[Result "0-1"]
[WhiteElo "2005"]
[BlackElo "2115"]

1.Nf3 d5 2.g3 Nf6 3.Bg2 Nbd7 4.d3 e5 5.Nbd2 Bd6 6.O-O O-O 7.e4 c6 8.c3 Re8
9.Re1 Qb6 10.Nb3 a5 11.Be3 Qc7 12.a4 dxe4 13.dxe4 Nxe4 14.Nh4 Ndc5 15.Nxc5 Nxc5
16.Qc2 Be6 17.c4 Bf8 18.Nf3 f6 19.Re2 Na6 20.Rd2 Rad8 21.Re1 Bb4 22.Rxd8 Rxd8
23.Re2 Qd7 24.Bd2 Bf5 25.Qc1 e4 26.Bxb4 exf3 27.Re7 Qd1+ 28.Qxd1 Rxd1+ 29.Be1 fxg2
30.Kxg2 Kf8 31.Re3 b6 32.Bc3 Rd3 33.Re1 Nc5 34.f3 Nxa4 35.Rc1 Nxc3  0-1

[Event "Moscow ol (Men)"]
[Site "Moscow"]
[Date "1994.??.??"]
[Round "3"]
[White "Dizdarevic, Emir"]
[Black "Rytshagov, Mikhail"]
[Result "1/2-1/2"]
[WhiteElo "2495"]
[BlackElo "2460"]

1.Nf3 d5 2.g3 Nf6 3.Bg2 g6 4.c4 Bg7 5.cxd5 Nxd5 6.d4 O-O 7.O-O Nb6 8.Nc3 Nc6
9.d5 Na5 10.Qc2 c6 11.dxc6 Nxc6 12.Rd1 Bf5 13.e4 Bd7 14.Qe2 Qc8 15.Be3 Bg4
16.Rac1 Qe6 17.h3 Bxf3 18.Bxf3 Ne5 19.Bg2 Nec4 20.Bf4 Rad8 21.b3 Rxd1+ 22.Qxd1 Nd6
23.Qd3 Rc8 24.Ne2 Rxc1+ 25.Bxc1 Nd7 26.Be3 Ne5 27.Qc2 Nc6 28.f4 Nf5 29.Bf2 Nfd4
30.Nxd4 Bxd4 31.e5  1/2-1/2

[Event "Moscow op"]
[Site "Moscow"]
[Date "1994.??.??"]
[Round "3"]
[White "Krasnov, Sergey"]
[Black "Ivanov, Victor L"]
[Result "1-0"]
[WhiteElo "2325"]
[BlackElo "2385"]

1.Nf3 d5 2.g3 c6 3.Bg2 Bg4 4.O-O Nd7 5.d3 e6 6.e4 Bd6 7.h3 Bh5 8.Qe1 Ne7
9.b3 O-O 10.Bb2 a5 11.a3 b5 12.Nbd2 Qb8 13.Qe3 f5 14.exd5 exd5 15.Rae1 Nf6
16.Ng5 f4 17.Qe6+ Kh8 18.g4 Bg6 19.Ndf3 h6 20.Be5 Ne8 21.Bxd6 Nxd6 22.Qxe7 Ra7
23.Qe5 hxg5 24.Qxg5 Rf6 25.Nd4 Nf7 26.Qh4+ Bh7 27.g5 Rg6 28.Re6 Rxg5 29.Rfe1 Ra8
30.Nxc6 Qf8 31.Qxf4 Rf5 32.Qe3 Ng5 33.Re5 Nf3+ 34.Bxf3 Rxf3 35.Re8 Rxe8 36.Qxe8 Rxf2
37.Qxf8+ Rxf8 38.Nxa5 Ra8 39.b4 Rc8 40.Re2 Rc3 41.Nb3 g5 42.Rd2 Kg7 43.Kf2 Kf6
44.Ke3 Rc8 45.Rf2+ Ke5 46.Nd4 Rh8 47.Nf3+ Kf6 48.h4 gxh4 49.Nxh4+ Ke6 50.Nf3 Kd6
51.Rh2 Re8+ 52.Kd4  1-0

[Event "Moscow ol (Men)"]
[Site "Moscow"]
[Date "1994.??.??"]
[Round "3"]
[White "Belotti, Bruno"]
[Black "Espinoza Flores, Rafael"]
[Result "1/2-1/2"]
[WhiteElo "2455"]
[BlackElo "2410"]

1.Nf3 d5 2.g3 Nf6 3.Bg2 c6 4.d3 Nbd7 5.Nbd2 e5 6.e4 Bd6 7.O-O O-O 8.Nh4 Re8
9.Nf5 Bf8 10.Nb3 b6 11.g4 dxe4 12.g5 Nd5 13.Bxe4 Nf4 14.Bxf4 exf4 15.h4 Ne5
16.Nfd4 Qd7 17.Bg2 Qd6 18.Qd2 Ng4 19.Rfe1 Bd7 20.Rxe8 Rxe8 21.Re1 Rxe1+ 22.Qxe1 c5
23.Nf3 Bc6 24.Nbd2 h6 25.Nc4 Qd5 26.gxh6 Qh5 27.hxg7 Bxg7 28.Qe7 Bxf3 29.Bxf3 Qg6
30.Qd8+ Kh7 31.Qg5 f5 32.c3 Bf6 33.Qxg6+ Kxg6 34.Nd6 Bxh4 35.Nc8 Nxf2 36.d4 cxd4
37.cxd4 Nd3 38.Nxa7 Nxb2 39.Nb5 Nc4 40.Kg2 Be7 41.Be2 Ne3+ 42.Kf3 Kg5 43.Bd3 Nd5
44.Bc4 Nf6 45.Nc7 Ne4 46.Ne6+ Kf6 47.Kxf4 Ng5 48.Nxg5  1/2-1/2

[Event "Moscow ol (Men)"]
[Site "Moscow"]
[Date "1994.??.??"]
[Round "4"]
[White "Hug, Werner"]
[Black "Rahman, Ziaur"]
[Result "1/2-1/2"]
[WhiteElo "2445"]
[BlackElo "2445"]

1.Nf3 d5 2.g3 c6 3.Bg2 Bg4 4.O-O Nd7 5.d4 e6 6.Nbd2 Ngf6 7.Re1 Be7 8.e4 dxe4
9.Nxe4 O-O 10.c3 Nxe4 11.Rxe4 Nf6 12.Re1 h6 13.Qb3 Rb8 14.Ne5 Bf5 15.Nc4 Nd5
16.a4 Bh7 17.Ne3 Bd6 18.a5 Kh8 19.Bd2 Ne7 20.Nc4 Bc7 21.Qa3  1/2-1/2

[Event "Moscow ol (Men)"]
[Site "Moscow"]
[Date "1994.??.??"]
[Round "4"]
[White "Peralta, Eduardo"]
[Black "Felsberger, Alfred"]
[Result "0-1"]
[WhiteElo "2285"]
[BlackElo "2420"]

1.Nf3 d5 2.g3 c6 3.Bg2 Bg4 4.O-O Nd7 5.d3 e6 6.e4 Bd6 7.Nbd2 Ne7 8.Qe2 O-O
9.c3 Re8 10.b3 a5 11.Bb2 a4 12.c4 Bb4 13.Rab1 axb3 14.axb3 Ra2 15.Qe3 dxe4
16.Nxe4 Nf5 17.Qf4 Bxf3 18.Qxf3 Nc5 19.Rfd1 Nd4 20.Qh5 Nxe4 21.Bxe4 g6 22.Qe5 Rxb2
23.Rxb2 Bc3  0-1